Biblioteca

La iglesia primitiva frente al divorcio : (Registro nro. 63833)

Detalles MARC
000 -LÍDER
Campo fijo de descripción fija 02874nam a2200529 c 4500
001 - NÚMERO DE CONTROL
Campo de control a5777316
003 - IDENTIFICADOR DEL NÚMERO DE CONTROL
Campo de control SpMaBN
005 - FECHA Y HORA DE LA ULTIMA TRANSACCIÓN
control field 20180622170417.0
008 - ELEMENTOS DE LONGITUD FIJA -- INFORMACIÓN GENERAL
Campo fijo de descripción fija -- Información general 160331s2015 sp | |||| 001 0 spa
017 ## - COPYRIGHT OR LEGAL DEPOSIT NUMBER
Copyright or legal deposit number M 33873-2015
Assigning agency Oficina Depósito Legal Madrid
020 ## - NÚMERO INTERNACIONAL NORMALIZADO PARA LIBROS
Número Internacional Normalizado del libro 9788422018483
040 ## - FUENTE DE CATALOGACIÓN
Agencia de catalogación original SpMaBN
Idioma de catalogación spa
Agencia que realiza la transcripción CO-MdFUSB
Convenciones de la descripción rdc
Agencia que realiza la modificación CO-MdFUSBC
041 1# - CÓDIGO DE IDIOMA
Código de idioma para texto/pista de sonido o título separado spa
Código de idioma original fre
080 ## - UNIVERSAL DECIMAL CLASSIFICATION NUMBER
Universal Decimal Classification number 272-454"00/04"
082 ## - NÚMERO DE CLASIFICACIÓN DECIMAL DEWEY
Número de la edición del Dewey 24
Número de clasificación G 273.1
Clave de autor-Numero de item C952i
100 1# - ASIENTO PRINCIPAL--NOMBRE PERSONAL
Nombre personal Crouzel, Henri
Fechas asociadas con el nombre 1919-2003
Término relacionador autor
240 12 - TITULO UNIFORME
Título uniforme <a href="L'Église primitive face au divorce">L'Église primitive face au divorce</a>
245 13 - TÍTULO
Título del Material La iglesia primitiva frente al divorcio :
Parte restante del título - Subtitulo del siglo I al siglo V
Mención de responsabilidad, etc. Henri Crouzel ; traducida del francés por María Adela Codoñer Nácher y Ricardo Lázaro Barceló
264 #1 - PRODUCCIÓN, PUBLICACIÓN, DISTRIBUCIÓN, MANUFACTURA, Y COPYRIGHT
Lugar de producción, publicación, distribución, manufactura Madrid :
Nombre del productor, publicador, distribuidor Biblioteca de Autores Cristianos,
Fecha de producción, publicación, distribución, manufactura, o copyright ℗[2015]
264 #4 - PRODUCCIÓN, PUBLICACIÓN, DISTRIBUCIÓN, MANUFACTURA, Y COPYRIGHT
Fecha de producción, publicación, distribución, manufactura, o copyright ©2015
300 ## - DESCRIPCIÓN FÍSICA
Extensión XXXVIII, 543 p.
Dimensiones ; 20 cm
336 ## - TIPO DE CONTENIDO
Término de tipo de contenido
Fuente rdacontent
Código de tipo de contenido
337 ## - TIPO DE MEDIO
Nombre del tipo de medio
Fuente rdamedia
Código del tipo de medio
338 ## - TIPO DE SOPORTE
Fuente rdacarrier
Nombre del tipo de soporte
Código Tipo de soporte
490 0# - MENCIÓN DE SERIE
Mención de serie Serie Normal
504 ## - NOTA DE BIBLIOGRAFÍA, ETC.
Nota de bibliografía, etc Bibliografía: p. [XXVII]-XXXVIII
504 ## - NOTA DE BIBLIOGRAFÍA, ETC.
Nota de bibliografía, etc Índice
505 ## - NOTA DE CONTENIDO
Información miscelánea Los
Título datos de las Escrituras y el<br/>entorno cultural
505 ## - NOTA DE CONTENIDO
Título Primera parte :Los Prenicenos
505 ## - NOTA DE CONTENIDO
Nota de contenido con formato preestablecido Autores del siglo II: Ignacio de Antioquía (escribe entre el 107-115) -- Hermas (entre el 100 y el 150) -- Justino († hacia el 165) -- Atenágoras (siglo II) -- Teófilo de Antioquía (siglo II) -- Taciano (siglo II) -- Ireneo (nacido entre el 140 y el 160) -- Ptolomeo el Valentiniano (siglo ii) -- Las homilías pseudo-clementinas (principios del<br/>siglo III)
505 ## - NOTA DE CONTENIDO
Nota de contenido con formato preestablecido Alejandrinos: Clemente de Alejandría (hacia el 150 - hacia el<br/>215) -- Orígenes (hacia el 185 - hacia el 254)
505 ## - NOTA DE CONTENIDO
Nota de contenido con formato preestablecido Africanos y romanos: Tertuliano (hacia el 155 - después del 220) -- Cipriano (entre el 200 y el 210-258) -- Novaciano (cisma en el 251) -- Minucio Félix (fecha incierta: II-III) -- Lactancio (muerto después del 317)
505 ## - NOTA DE CONTENIDO
Nota de contenido con formato preestablecido Literatura canónica hasta Nicea
505 ## - NOTA DE CONTENIDO
Título Orientales de los siglos iv y v
505 ## - NOTA DE CONTENIDO
Nota de contenido con formato preestablecido Escritores de Asia Menor -- Escritores de Asia Menor -- Escritores de Egipto, Palestina y otros lugares. Textos canónicos
505 ## - NOTA DE CONTENIDO
Título Occidentales de los siglos iv y v
505 ## - NOTA DE CONTENIDO
Nota de contenido con formato preestablecido Escritores latinos muertos en el siglo IV -- Escritores latinos que han vivido en el siglo V. Excepto Agustín y textos canónicos -- Agustín (354-430)
505 ## - NOTA DE CONTENIDO
Título Apéndice: La continencia impuesta a los penitentes
534 ## - NOTA DE VERSION ORIGINAL
Publicación, distribución, etc. del original L'Église primitive face au divorce. Du premier au cinqueme siecle
Frase introductoria Título de la edición original en francés:
563 ## - NOTA DE ENCUADERNACIÓN
Nota de encuadernación pasta dura
650 #0 - ASIENTO SECUNDARIO DE MATERIA - TERMINO TEMÁTICO
Término temático o nombre geográfico como elemento de entrada Divorcio
Subdivisión general Aspectos religiosos
-- Iglesia Católica
-- Historia de las doctrinas
Fuente del encabezamiento o término embne
9 (RLIN) 786
700 1# - ASIENTO SECUNDARIO - NOMBRE PERSONAL
9 (RLIN) 768
Nombre personal Codoñer Nácher, Adela
Responsabilidad traductor
700 1# - ASIENTO SECUNDARIO - NOMBRE PERSONAL
9 (RLIN) 769
Nombre personal Lázaro, Ricardo,
Fechas asociadas con el nombre 1958-
Responsabilidad traductor
942 ## - TIPO DE MATERIAL (KOHA)
Tipo de Item KOHA Libros General
Existencias
Estado de Material Estado de Perdido Forma de Clasificación Estado de Dañado No para Préstamo Colección Biblioteca de Origen Biblioteca Permanente Fecha de Adquisición Total de Préstamos Total de Renovaciones Signatura Topográfica Código de Barras Última vez visto Última vez Préstado Ejemplar/Existencia Fecha de Remplazo Tipo de Material
    Dewey Decimal Classification     Colección General Biblioteca FUSBC Biblioteca FUSBC 06/03/2017 6 1 G 273.1 C952i 5335 12/12/2019 02/10/2019 Ej. 1 06/03/2017 Libros General

Biblioteca FUSBC | Teléfono: (57+4) 349 88 10 Ext. 141| WhatsApp (+57) 3005338115 
E-mail: biblioteca@unisbc.edu.co | Calle 76 87-14 Robledo Palenque, Medellín, Colombia

Con tecnología Koha